000 00431nam a2200133Ia 4500
008 100328s9999 xx 000 0 und d
082 _b17531
100 _aप्रियवंदा उषा
245 _aरुकोगी नही राधिका
260 _bचौारी
630 _aरुकोगी नही राधिका
730 _aरुकोगी नही राधिका
942 _cBOOK
999 _c512095
_d512092